000
00327nam a22001457a 4500
008
240318b ||||| |||| 00| 0 eng d
020
_a
0226100715
041
_a
eng
080
_a
61
082
_a
61CHA
100
_a
5
101
_a
MJEKSI E PERGJITHSHME
245
_a
BEYOND CARING
_c
DANIEL .F.CHAMBLISS
942
_2
udc
_c
BK
999
_c
60619
_d
60619